Silné a slabé stránky slovenských top manažérov

Vybrané vlastnosti, schopnosti a zručnosti slovenských manažérov. Najsilnejšie a najslabšie stránky slovenských manažérov. Morálne, odborné a ďalšie vlastnosti, ktorými by mal disponovať efektívny manažér.

Guardado en:
Detalles Bibliográficos
Autor principal: Priečková, Katarína, 1983-
Formato: Capítulo de libro
Lenguaje:eslovaco
Materias:
Etiquetas: Agregar Etiqueta
Sin Etiquetas, Sea el primero en etiquetar este registro!

MARC

LEADER 00000naa a2200000 4500
001 0127296
005 20240502072442.1
041 0 |a slo 
044 |a SK 
245 1 0 |a Silné a slabé stránky slovenských top manažérov  |c Katarína Priečková 
520 |a Vybrané vlastnosti, schopnosti a zručnosti slovenských manažérov. Najsilnejšie a najslabšie stránky slovenských manažérov. Morálne, odborné a ďalšie vlastnosti, ktorými by mal disponovať efektívny manažér. 
610 2 0 |a manažéri 
610 2 0 |a riadenie ľudských zdrojov 
610 2 0 |a rozhodovanie manažérske 
610 2 0 |a sebariadenie 
610 2 0 |a odbornosť 
610 2 0 |a komunikácia manažérska 
610 2 0 |a učiaca sa organizácia 
610 2 0 |a etika manažérska 
610 2 0 |a morálka 
100 1 |a Priečková, Katarína, 1983-